Memòria : referent a la gestió econòmica municipal d'aquest ajuntament durant l'any de 1930 referent a la gestió econòmica municipal d'aquest ajuntament durant l'any de 1930
Descripción Física:
11 p. ; 22 cm
Materias:
Campelles (Catalunya). -- Ajuntament
MARC
| LEADER | 00000nam a2200000Ia 4500 | ||
|---|---|---|---|
| 001 | 22132 | ||
| 008 | 160829s1931 xx 000 0 cat d | ||
| 080 | |a RF-15-76 | ||
| 245 | |a Memòria : |b referent a la gestió econòmica municipal d'aquest ajuntament durant l'any de 1930 | ||
| 260 | |a Barcelona : |b Imp. La Casa dels Secretaris, |c 1931 | ||
| 300 | |a 11 p. ; |c 22 cm | ||
| 590 | |a Prové de 3574. | ||
| 590 | |a A la part superior de la portada: Municipi de Campelles, província de Girona, partit judicial de Puigcerdà | ||
| 610 | 0 | |a Campelles (Catalunya). |b Ajuntament |9 55463 | |
| 710 | |a Campelles (Catalunya). |b Ajuntament |9 55463 | ||
| 856 | 4 | |u https://media.diba.cat/diba/fitxers/arxiu/fulletons/bib_22132_1931_baixa.pdf |y Accés lliure | |
| 856 | 4 | |u https://media.diba.cat/diba/fitxers/arxiu/fulletons/bib_22132_1931_baixa.pdf |y Accés lliure | |
| 901 | |a Arxiu | ||
| 942 | |n 1 |2 udc | ||
| 952 | |0 0 |1 0 |4 0 |6 RF1576 |7 1 |9 53672 |a Arxiu |b Arxiu |d 2016-12-01 |l 0 |o RF-15-76 |p 22132 |r 2016-12-01 00:00:00 |w 2016-12-01 |y ARXIU | ||
| 999 | |c 57538 |d 57538 | ||
| 900 | |a bib_22132_1931_baixa.pdf | ||